NLSUI OPAC header image

A sourcebook for poverty reduction strategies Vol. I : Core techniques and cross-cutting issues (Record no. 20490)

MARC details
000 -LEADER
fixed length control field 00721nam a2200217Ia 4500
003 - CONTROL NUMBER IDENTIFIER
control field OSt
005 - DATE AND TIME OF LATEST TRANSACTION
control field 20210921125135.0
008 - FIXED-LENGTH DATA ELEMENTS--GENERAL INFORMATION
fixed length control field 160316s2002 xxu||||| |||| 00| 0 eng d
020 ## - INTERNATIONAL STANDARD BOOK NUMBER
International Standard Book Number 0821349783
040 ## - CATALOGING SOURCE
Transcribing agency .
082 ## - DEWEY DECIMAL CLASSIFICATION NUMBER
Classification number 339.4 KLU-I
Item number KLU-I
100 ## - MAIN ENTRY--PERSONAL NAME
Personal name Klugman Jeni
245 ## - TITLE STATEMENT
Title A sourcebook for poverty reduction strategies Vol. I : Core techniques and cross-cutting issues
260 ## - PUBLICATION, DISTRIBUTION, ETC.
Place of publication, distribution, etc. Washington D C
Name of publisher, distributor, etc. The World Bank
Date of publication, distribution, etc. 2002
300 ## - PHYSICAL DESCRIPTION
Extent 600p
Dimensions xiii
365 ## - TRADE PRICE
Price amount Rs.5,250 vols
650 ## - SUBJECT ADDED ENTRY--TOPICAL TERM
Topical term or geographic name entry element 1. Economic Assistance - Domestic2. Economic Development - Poverty.
700 ## - ADDED ENTRY--PERSONAL NAME
Personal name
--
856 ## - ELECTRONIC LOCATION AND ACCESS
Uniform Resource Identifier <a href="https://documents1.worldbank.org/curated/en/156931468138883186/pdf/2980000182131497813.pdf">https://documents1.worldbank.org/curated/en/156931468138883186/pdf/2980000182131497813.pdf</a>
942 ## - ADDED ENTRY ELEMENTS (KOHA)
Source of classification or shelving scheme Dewey Decimal Classification
Koha item type BOOKs
Holdings
Withdrawn status Lost status Damaged status Not for loan Home library Current library Shelving location Date acquired Cost, normal purchase price Total Checkouts Full call number Barcode Date last seen Price effective from Koha item type Public note
        . . Library Compactors 30.05.2017 5250.00   339.4 KLU-I 18580 30.05.2017 30.05.2017 BOOKs Price for the entire Set of Volumess